00908nam a2200241Ia 450000100060000000300090000600800410001504000130005604000130006904100130008210000190009510000290011424500330014324500630017625000110023926000120025026000130026226000490027530000590032450002270038365000250061065000310063596666IT-RoPAU130308s9999 xx 000 0 und d aIT-RoPAU cIT-RoPAU aITALIANO aMerlo Riccardo gCodice Aut. SPICS: 33544 aBeni-Itinerari artistici (I) bCitta' Educativa (La)-Verso un Sistema formativo Integrato a1a ed. aBOLOGNA bCappelli c1991 [1° Ed.:1991 - Ed.Ling.Originale:1991] a"11 p. (prefazione: no ; testo: 11 [pagine: 166-176])" aCittà Centro di Diffusione dell'arte . Città Opera d'arte Aperta. Leggerela Città. riconoscimento delle fasi di Sviluppo della Città. censimento di Schedatura. Quali informazioni Trarre Dall'Elaborazione dei Dati. aSAGGI DI URBANISTICA eCodice materia Spics: 5361